Statistics for Colors of Rainbow in 15 Seconds

Click here to take the quiz!

General Stats

  • This quiz has been taken 47 times
  • The average score is 6 of 7

Answer Stats

Answer% Correct
Red
100%
Blue
92%
Green
88%
Orange
88%
Yellow
85%
Indigo
62%
Violet
62%

Score Distribution

Percentile by Number Answered

Percent of People with Each Score

Your Score History

You have not taken this quiz